[Event "Teteven op 32nd"]
[Site "Teteven"]
[Date "2018.08.14"]
[Round "4"]
[White "Cholakov, Nikolay"]
[Black "Stoyanov, Ognyan"]
[Result "1-0"]
[WhiteElo "1940"]
[BlackElo "1591"]
[PlyCount "87"]
[EventDate "2018.08.11"]
[EventType "swiss"]
[EventRounds "9"]
[EventCountry "BUL"]
[SourceTitle "CBM 186 Extra"]
[Source "ChessBase"]
[SourceDate "2018.08.24"]
[SourceVersion "1"]
[SourceVersionDate "2018.08.24"]
[SourceQuality "1"]

1. d4 e6 2. g3 Nf6 3. Bg2 Nc6 4. e4 d6 5. Ne2 e5 6. d5 Ne7 7. f4 Nd7 8. f5 Ng8 9. g4 Be7 10. Ng3 Bh4 11. Qf3 Nc5 12. 0-0 h6 13. Nh5 Bf6 14. h4 Rh7 15. b4 Nd7 16. Nxf6+ gxf6 17. Be3 Nb6 18. Nd2 Bd7 19. c4 Qe7 20. c5 Nc8 21. a4 Kf8 22. Nc4 Kg7 23. Qg3 Kh8 24. Rfc1 a6 25. Na5 Rb8 26. Rc4 c6 27. dxc6 bxc6 28. cxd6 Qxd6 29. Bc5 Qc7 30. Rd1 Rg7 31. Qd3 Be8 32. Qd8 Qxd8 33. Rxd8 Rxg4 34. Rxe8 Nb6 35. Rxb8 Nxc4 36. Nxc4 Rxh4 37. Rb6 Rg4 38. Rxa6 h5 39. b5 cxb5 40. axb5 h4 41. Kh2 Rg3 42. Ne3 Nh6 43. b6 Rg8 44. b7 1-0

[Event "Vevcani Lasker U20 op"]
[Site "Vevcani"]
[Date "2017.10.22"]
[Round "6"]
[White "Cholakov, Nikolay"]
[Black "Zvezdakoski, Matej"]
[Result "1-0"]
[WhiteElo "1927"]
[BlackElo "1648"]
[PlyCount "65"]
[EventDate "2017.10.20"]
[EventType "swiss"]
[EventRounds "7"]
[EventCountry "MKD"]
[SourceTitle "CBM 181 Extra"]
[Source "ChessBase"]
[SourceDate "2017.12.12"]
[SourceVersion "1"]
[SourceVersionDate "2017.12.12"]
[SourceQuality "1"]

1. Nf3 Nf6 2. d4 d5 3. c4 e6 4. Nc3 Be7 5. Bf4 Nbd7 6. e3 a6 7. cxd5 exd5 8. Bd3 0-0 9. Rc1 c6 10. h3 Re8 11. 0-0 Nf8 12. Ne5 N8d7 13. Qf3 Nxe5 14. dxe5 Nd7 15. Nxd5 cxd5 16. e6 fxe6 17. Bc7 Rf8 18. Bxh7+ Kh8 19. Qh5 Nf6 20. Bxd8 Nxh5 21. Bxe7 Re8 22. Bg6 Rxe7 23. Bxh5 Bd7 24. Rc7 b6 25. Rfc1 Kg8 26. Rb7 b5 27. Rcc7 Rd8 28. Ra7 Kf8 29. Rxa6 Be8 30. Rxe7 Kxe7 31. Bxe8 Rxe8 32. Rb6 Ra8 33. a3 1-0

[Event "Vevcani Lasker U20 op"]
[Site "Vevcani"]
[Date "2017.10.20"]
[Round "2"]
[White "Cholakov, Nikolay"]
[Black "Mateski, Julian"]
[Result "1-0"]
[WhiteElo "1927"]
[BlackElo "1385"]
[PlyCount "63"]
[EventDate "2017.10.20"]
[EventType "swiss"]
[EventRounds "7"]
[EventCountry "MKD"]
[SourceTitle "CBM 181 Extra"]
[Source "ChessBase"]
[SourceDate "2017.12.12"]
[SourceVersion "1"]
[SourceVersionDate "2017.12.12"]
[SourceQuality "1"]

1. d4 e6 2. Nf3 c5 3. c4 cxd4 4. Nxd4 Bc5 5. Nb5 a6 6. Nd6+ Bxd6 7. Qxd6 Nc6 8. Nc3 Qe7 9. Bf4 Qxd6 10. Bxd6 Nf6 11. f3 b6 12. Na4 Bb7 13. Nxb6 Ra7 14. 0-0-0 a5 15. e4 Nb4 16. Bb8 Ra8 17. Nxa8 Bxa8 18. a3 Nc6 19. Bd6 Bb7 20. Kc2 e5 21. b4 axb4 22. axb4 Nd4+ 23. Kc3 Kd8 24. Bxe5 Ne6 25. c5 Kc8 26. Bb5 Rd8 27. Rd6 Nc7 28. Bc4 Nfe8 29. Rb6 f6 30. Bg3 d5 31. cxd6 Na8 32. Be6+ 1-0

[Event "Tri Buki Children's CupT 2nd"]
[Site "Tri Buki"]
[Date "2017.02.05"]
[Round "2.1"]
[White "Georgiev, Konstantin1111"]
[Black "Cholakov, Nikolay"]
[Result "1-0"]
[WhiteElo "1745"]
[BlackElo "1932"]
[PlyCount "181"]
[EventDate "2017.02.04"]
[EventType "team-swiss"]
[EventRounds "6"]
[EventCountry "BUL"]
[SourceTitle "CBM 176 Extra"]
[Source "ChessBase"]
[SourceDate "2017.03.02"]
[SourceVersion "1"]
[SourceVersionDate "2017.03.02"]
[SourceQuality "1"]
[WhiteTeam "Tri Buki"]
[BlackTeam "An Passant"]
[WhiteTeamCountry "BUL"]
[BlackTeamCountry "BUL"]

1. e4 d5 2. exd5 Qxd5 3. Nc3 Qa5 4. Be2 Nf6 5. Nf3 Bf5 6. 0-0 c6 7. d3 Nbd7 8. Bd2 Qc7 9. Nd4 Bg6 10. Be3 e5 11. Nb3 Bd6 12. h3 h6 13. d4 e4 14. Rc1 Nb6 15. Nd2 Bf5 16. Nc4 Nxc4 17. Bxc4 g5 18. d5 g4 19. h4 Nh5 20. dxc6 bxc6 21. Re1 0-0-0 22. Qe2 Rde8 23. Ba6+ Kb8 24. Nb5 cxb5 25. Qxb5+ Ka8 26. Qd5+ Kb8 27. Qxf5 Ng7 28. Qb5+ Ka8 29. Rcd1 Re5 30. Qa4 Ne6 31. Bb5 Nc5 32. Bc6+ Kb8 33. Qb5+ Kc8 34. Bxc5 Rxc5 35. Qa6+ Kb8 36. Rxd6 Ra5 37. Qc4 Qxd6 38. Qb3+ Kc8 39. Qb7+ Kd8 40. Rxe4 Rxa2 41. g3 Rf8 42. Re7 Qxc6 43. Qxc6 Ra1+ 44. Kg2 Kxe7 45. Qc7+ Ke6 46. Qc6+ Ke7 47. Qc7+ Ke6 48. Qc6+ Ke7 49. Qxh6 f5 50. b4 Rd1 51. Qg7+ Rf7 52. Qe5+ Kf8 53. h5 Rdd7 54. c4 Kg8 55. c5 Rb7 56. Qe8+ Kg7 57. c6 Rbc7 58. Qe5+ Kh6 59. Qh8+ Kg5 60. b5 Rh7 61. Qe5 Rhf7 62. f3 gxf3+ 63. Kxf3 Kxh5 64. Kf4 Kg6 65. Qd6+ Kg7 66. Kg5 Kh7 67. Qg6+ Kh8 68. Qh6+ Kg8 69. Kg6 a6 70. Qh4 Rg7+ 71. Kxf5 axb5 72. Qd8+ Kh7 73. Qd6 b4 74. g4 b3 75. g5 Rcf7+ 76. Kg4 Rc7 77. Kh5 Rge7 78. g6+ Kg7 79. Qd4+ Kg8 80. Kh6 Rc8 81. Qd5+ Kh8 82. Qxb3 Rec7 83. Qc3+ Kg8 84. Qc4+ Kh8 85. Qd4+ Kg8 86. Qd5+ Kh8 87. Qe5+ Kg8 88. Qe6+ Kh8 89. g7+ Rxg7 90. Qxc8+ Rg8 91. Qb7 1-0

[Event "An Pasan Friends"]
[Site "Sofia"]
[Date "2016.12.29"]
[Round "5"]
[White "Georgiev, Todor"]
[Black "Cholakov, Nikolay"]
[Result "1/2-1/2"]
[WhiteElo "2335"]
[BlackElo "1887"]
[PlyCount "80"]
[EventDate "2016.12.26"]
[EventType "tourn"]
[EventRounds "5"]
[EventCountry "BUL"]
[SourceTitle "CBM 176 Extra"]
[Source "ChessBase"]
[SourceDate "2017.03.02"]
[SourceVersion "1"]
[SourceVersionDate "2017.03.02"]
[SourceQuality "1"]

1. d4 c5 2. d5 g6 3. e4 Bg7 4. Nc3 d6 5. Nf3 Nd7 6. Be2 Ngf6 7. 0-0 0-0 8. Nd2 a6 9. a4 Rb8 10. Re1 Ne8 11. Nc4 Ne5 12. Ne3 g5 13. g3 Bh6 14. Nc4 Nxc4 15. Bxc4 Qc7 16. Qh5 Bg7 17. Bxg5 Nf6 18. Qh4 Bd7 19. e5 dxe5 20. d6 Qxd6 21. Rad1 Qc7 22. Bxf6 Bxf6 23. Qh5 Kg7 24. Nd5 Qc8 25. Rxe5 Bg4 26. Rg5+ Bxg5 27. Qxg5+ Kh8 28. Nxe7 f6 29. Qh6 Qe8 30. Re1 Qh5 31. Qxh5 Bxh5 32. Nf5 Rfe8 33. Ne3 Bf3 34. h3 Rbd8 35. Bd3 Rd4 36. b3 Re5 37. Rc1 Kg8 38. Nc4 Re7 39. Ne3 Re5 40. Nc4 Re7 1/2-1/2

[Event "Teteven op 31st"]
[Site "Teteven"]
[Date "2016.08.18"]
[Round "6"]
[White "Varbanov, Varban"]
[Black "Cholakov, Nikolay"]
[Result "1/2-1/2"]
[WhiteElo "2032"]
[BlackElo "1778"]
[PlyCount "57"]
[EventDate "2016.08.13"]
[EventType "swiss"]
[EventRounds "9"]
[EventCountry "BUL"]
[SourceTitle "CBM 173 Extra"]
[Source "ChessBase"]
[SourceDate "2016.08.29"]
[SourceVersion "1"]
[SourceVersionDate "2016.08.29"]
[SourceQuality "1"]

1. d4 Nf6 2. c4 g6 3. Nc3 d5 4. Nf3 Bg7 5. e3 0-0 6. b4 Be6 7. c5 Ne4 8. Bb2 h6 9. Bd3 f5 10. Ne5 g5 11. f3 Nxc3 12. Bxc3 Nd7 13. Nxd7 Qxd7 14. f4 gxf4 15. exf4 Rf6 16. 0-0 Kh8 17. Be2 Rg8 18. Bf3 Bf7 19. Re1 c6 20. Re3 Re6 21. Qe2 Rxe3 22. Qxe3 Bf6 23. Rd1 Qe8 24. Be1 Bh5 25. Bf2 Bg4 26. Bxg4 Rxg4 27. h3 Rg8 28. Qf3 Qf7 29. Rd2 1/2-1/2

[Event "Kyustendil The three beeches op A 2nd"]
[Site "Kyustendil"]
[Date "2016.07.08"]
[Round "4.2"]
[White "Nanovski, Stiliyan"]
[Black "Cholakov, Nikolay"]
[Result "1/2-1/2"]
[WhiteElo "1713"]
[BlackElo "1738"]
[PlyCount "108"]
[EventDate "2016.07.07"]
[EventType "swiss"]
[EventRounds "7"]
[EventCountry "BUL"]
[SourceTitle "EXT 2024"]
[Source "ChessBase"]
[SourceDate "2023.10.10"]
[SourceVersion "1"]
[SourceVersionDate "2023.10.10"]
[SourceQuality "1"]

1. c4 g6 2. Nc3 Bg7 3. d4 d6 4. e4 Nd7 5. Nf3 e5 6. Be2 Ne7 7. d5 0-0 8. 0-0 h6 9. b4 a5 10. Ba3 f5 11. bxa5 Rxa5 12. Bb4 Ra8 13. a4 f4 14. Qb3 g5 15. c5 Nf6 16. cxd6 cxd6 17. Nb5 Nxe4 18. Bd3 Bf5 19. Bxe4 Bxe4 20. Bxd6 Bxd5 21. Qa3 Re8 22. Nc7 e4 23. Rad1 exf3 24. gxf3 Qd7 25. Nxe8 Qh3 26. Rxd5 Nxd5 27. Nxg7 Kxg7 28. Qb2+ Kg6 29. Qb3 Nf6 30. Re1 Rc8 31. Qb1+ Qf5 32. Qxb7 Qh3 33. Be5 Re8 34. Qb1+ Qf5 35. Bxf6 Qxb1 36. Rxb1 Kxf6 37. Ra1 Ra8 38. a5 Ra6 39. Ra4 Ke5 40. Kg2 Kf5 41. h4 gxh4 42. Kh3 Kg5 43. Ra3 Kh5 44. Ra2 Kg5 45. Ra4 Kh5 46. Rxf4 Rxa5 47. Rxh4+ Kg6 48. Rb4 Rf5 49. Kg3 Rg5+ 50. Rg4 Kf5 51. Kh3 Rh5+ 52. Kg3 Rg5 53. Kh3 Rh5+ 54. Kg2 Ke5 1/2-1/2

[Event "Kyustendil The three beeches op A 2nd"]
[Site "Kyustendil"]
[Date "2016.07.08"]
[Round "2.3"]
[White "Stosic, Anastasija"]
[Black "Cholakov, Nikolay"]
[Result "0-1"]
[WhiteElo "1468"]
[BlackElo "1738"]
[PlyCount "36"]
[EventDate "2016.07.07"]
[EventType "swiss"]
[EventRounds "7"]
[EventCountry "BUL"]
[SourceTitle "EXT 2024"]
[Source "ChessBase"]
[SourceDate "2023.10.10"]
[SourceVersion "1"]
[SourceVersionDate "2023.10.10"]
[SourceQuality "1"]

1. e4 d5 2. exd5 Qxd5 3. Nc3 Qa5 4. Nf3 Nf6 5. Bc4 Bg4 6. h3 Bh5 7. 0-0 e6 8. Re1 c6 9. Qe2 Nbd7 10. d3 0-0-0 11. Ne4 Nxe4 12. Qxe4 Bxf3 13. Qxf3 Qxe1+ 14. Kh2 Bd6+ 15. g3 Ne5 16. Qh5 Qxf2+ 17. Kh1 Nf3 18. Bg5 Qh2# 0-1

[Event "Sofia MGU op 164th"]
[Site "Sofia"]
[Date "2016.03.06"]
[Round "6"]
[White "Ivanov, Daniel"]
[Black "Cholakov, Nikolay"]
[Result "0-1"]
[WhiteElo "1817"]
[BlackElo "1847"]
[PlyCount "64"]
[EventDate "2016.03.05"]
[EventType "swiss"]
[EventRounds "6"]
[EventCountry "BUL"]
[SourceTitle "CBM 171 Extra"]
[Source "ChessBase"]
[SourceDate "2016.04.26"]
[SourceVersion "1"]
[SourceVersionDate "2016.04.26"]
[SourceQuality "1"]

1. e4 c5 2. Nf3 g6 3. c3 d5 4. exd5 Qxd5 5. d4 Bg4 6. Be2 cxd4 7. cxd4 Nf6 8. Nc3 Qa5 9. 0-0 Bg7 10. Qb3 b6 11. Ne5 Be6 12. Bc4 Bxc4 13. Qxc4 0-0 14. Qc7 Nd5 15. Qb7 Nxc3 16. Qxa8 Ne2+ 17. Kh1 Nxd4 18. Nf3 Qa6 19. Be3 Nbc6 20. Nxd4 Rxa8 21. Nxc6 Qb7 22. Nd4 Rd8 23. Nb5 a6 24. Nc3 b5 25. Rad1 Rxd1 26. Rxd1 h6 27. a3 e6 28. h3 b4 29. axb4 Qxb4 30. Rd8+ Kh7 31. Ra8 Qxb2 32. Na4 Qa1+ 0-1

[Event "Sofia MGU op 164th"]
[Site "Sofia"]
[Date "2016.03.05"]
[Round "2"]
[White "Stoyanov, Radoy"]
[Black "Cholakov, Nikolay"]
[Result "0-1"]
[WhiteElo "2100"]
[BlackElo "1847"]
[PlyCount "48"]
[EventDate "2016.03.05"]
[EventType "swiss"]
[EventRounds "6"]
[EventCountry "BUL"]
[SourceTitle "CBM 171 Extra"]
[Source "ChessBase"]
[SourceDate "2016.04.26"]
[SourceVersion "1"]
[SourceVersionDate "2016.04.26"]
[SourceQuality "1"]

1. g3 d5 2. Bg2 c6 3. Nf3 Nf6 4. 0-0 Bf5 5. c4 dxc4 6. Nc3 Nbd7 7. b3 cxb3 8. Qxb3 Qb6 9. Qc4 e6 10. e4 Bg6 11. Rb1 Qc7 12. Nh4 Nb6 13. Qb3 Bc5 14. a4 0-0-0 15. a5 Nbd7 16. a6 b6 17. Ba3 Bxa3 18. Qxa3 Nc5 19. Nxg6 hxg6 20. Rb2 Rd3 21. Qa2 Ng4 22. h3 Rxh3 23. Bxh3 Rxg3+ 24. Bg2 Rf3 0-1

[Event "Sofia An Pasan op 10th"]
[Site "Sofia"]
[Date "2015.11.01"]
[Round "6"]
[White "Toncheva, Nadya"]
[Black "Cholakov, Nikolay"]
[Result "1/2-1/2"]
[WhiteElo "1549"]
[BlackElo "1756"]
[PlyCount "50"]
[EventDate "2015.10.31"]
[EventType "swiss"]
[EventRounds "6"]
[EventCountry "BUL"]
[SourceTitle "CBM 169 Extra"]
[Source "ChessBase"]
[SourceDate "2015.12.18"]
[SourceVersion "1"]
[SourceVersionDate "2015.12.18"]
[SourceQuality "1"]

1. d4 Nf6 2. c4 d6 3. Nc3 Nbd7 4. e4 e5 5. d5 g6 6. Be2 Bg7 7. Bg5 0-0 8. Qd2 a5 9. h4 Nc5 10. f3 Qe8 11. g4 c6 12. h5 cxd5 13. cxd5 Bd7 14. Bh6 Qe7 15. Bxg7 Kxg7 16. hxg6 fxg6 17. Qh6+ Kg8 18. g5 Nh5 19. 0-0-0 Rab8 20. Nh3 b5 21. f4 Nxf4 22. Nxf4 Rxf4 23. Rh2 b4 24. Rdh1 Rff8 25. Nd1 Rbc8 1/2-1/2

[Event "Sofia An Pasan op 10th"]
[Site "Sofia"]
[Date "2015.10.31"]
[Round "2"]
[White "Stoyanov, Encho"]
[Black "Cholakov, Nikolay"]
[Result "0-1"]
[WhiteElo "1380"]
[BlackElo "1756"]
[PlyCount "68"]
[EventDate "2015.10.31"]
[EventType "swiss"]
[EventRounds "6"]
[EventCountry "BUL"]
[SourceTitle "CBM 169 Extra"]
[Source "ChessBase"]
[SourceDate "2015.12.18"]
[SourceVersion "1"]
[SourceVersionDate "2015.12.18"]
[SourceQuality "1"]

1. c4 d6 2. e3 e5 3. Nc3 f5 4. d4 Nd7 5. Bd2 Ngf6 6. Be2 g6 7. Rc1 Bg7 8. d5 0-0 9. Nf3 h6 10. 0-0 g5 11. g3 Rf7 12. Qc2 Nf8 13. Ne1 Ng6 14. Ng2 e4 15. f3 exf3 16. Bxf3 Ne5 17. Be2 Bd7 18. e4 fxe4 19. Nxe4 Qe7 20. Nxf6+ Rxf6 21. Rxf6 Bxf6 22. Bc3 Rf8 23. Bxe5 Qxe5 24. Qg6+ Bg7 25. Bd3 Bf5 26. Bxf5 Rxf5 27. Qe6+ Qxe6 28. dxe6 Re5 29. c5 Rxc5 30. Rxc5 dxc5 31. b3 Bd4+ 32. Kf1 Kf8 33. Ke2 Ke7 34. Kd3 Kxe6 0-1

[Event "Sofia MGU op 150th"]
[Site "Sofia"]
[Date "2015.09.19"]
[Round "1"]
[White "Cholakov, Nikolay"]
[Black "Petkov, Gabriel"]
[Result "1-0"]
[WhiteElo "1812"]
[BlackElo "1301"]
[PlyCount "23"]
[EventDate "2015.09.19"]
[EventType "swiss"]
[EventRounds "6"]
[EventCountry "BUL"]
[SourceTitle "EXT 2016"]
[Source "ChessBase"]
[SourceDate "2015.10.08"]
[SourceVersion "1"]
[SourceVersionDate "2015.10.08"]
[SourceQuality "1"]

1. Nf3 c5 2. e4 Nc6 3. Bb5 d6 4. 0-0 Bd7 5. Nc3 Nf6 6. Re1 a6 7. Bxc6 Bxc6 8. d4 cxd4 9. Nxd4 g6 10. Bg5 Bg7 11. Qd3 0-0 12. Rad1 1-0

[Event "Varna op-B 8th"]
[Site "Varna"]
[Date "2014.06.19"]
[Round "1"]
[White "Cholakov, Nikolay"]
[Black "Petrov, Vladimir Sergeev"]
[Result "0-1"]
[WhiteElo "1547"]
[BlackElo "2080"]
[PlyCount "68"]
[EventDate "2014.06.19"]
[EventType "swiss"]
[EventRounds "9"]
[EventCountry "BUL"]
[SourceTitle "CBM 161 Extra"]
[Source "ChessBase"]
[SourceDate "2014.08.29"]
[SourceVersion "1"]
[SourceVersionDate "2014.08.29"]
[SourceQuality "1"]

1. d4 Nf6 2. c4 e6 3. Nf3 b6 4. e3 Bb7 5. Nc3 Bb4 6. a3 Bxc3+ 7. bxc3 0-0 8. Bd3 d6 9. 0-0 Ne4 10. Qc2 f5 11. Nd2 Qh4 12. f3 Ng5 13. Bb2 Nd7 14. e4 f4 15. Rf2 e5 16. Qb3 Kh8 17. c5 Rf6 18. cxd6 cxd6 19. Bb5 Nf8 20. dxe5 dxe5 21. c4 Rg6 22. Re2 Nfe6 23. Bxe5 Nc5 24. Qc2 Rd8 25. Rf1 Nd3 26. Bc7 Nh3+ 27. Kh1 Nhf2+ 28. Rfxf2 Nxf2+ 29. Kg1 Rc8 30. Be5 Qg5 31. Bxg7+ Rxg7 32. Rxf2 Qxb5 33. Qd3 Qe5 34. Nb3 Ba6 0-1

[Event "Wch U10"]
[Site "Al Ain"]
[Date "2013.12.26"]
[Round "9"]
[White "Weishaeutel, Moritz"]
[Black "Cholakov, Nikolay"]
[Result "1-0"]
[WhiteElo "1761"]
[BlackElo "1515"]
[PlyCount "67"]
[EventDate "2013.12.18"]
[EventType "swiss"]
[EventRounds "11"]
[EventCountry "UAE"]
[SourceTitle "CBM 158 Extra"]
[Source "ChessBase"]
[SourceDate "2014.02.28"]
[SourceVersion "1"]
[SourceVersionDate "2014.02.28"]
[SourceQuality "1"]

1. e4 c5 2. Nf3 d6 3. d4 cxd4 4. Nxd4 Nf6 5. Nc3 a6 6. f4 e6 7. Qf3 Qc7 8. Be3 b5 9. 0-0-0 Bb7 10. Bd3 Nbd7 11. g4 Nc5 12. g5 Nxd3+ 13. Rxd3 Nd7 14. a3 Rc8 15. Rhd1 Be7 16. h4 g6 17. h5 Nc5 18. R3d2 Na4 19. Nxa4 bxa4 20. Rh1 Kd7 21. hxg6 hxg6 22. Rdh2 Rxh2 23. Rxh2 d5 24. e5 Qc4 25. Rh7 Rf8 26. Qh3 Qa2 27. Nxe6 fxe6 28. Rxe7+ Kxe7 29. Qh7+ Kd8 30. Bb6+ Ke8 31. Bc5 Rf7 32. Qg8+ Kd7 33. Qxf7+ Kc6 34. Bd6 1-0